Riconosci 200 cantanti italiani dalla foto - Statistics

Statistiche generali
  • Questo quiz è stato fatto 2.368 volte
  • Il punteggio medio è 105 su 200
Statistiche sulle risposte
con Immagini Risposta % Corretto
Gigi D'Alessio
94%
Ghali
93%
Al Bano
91%
Fedez
91%
Gianni Morandi
91%
Marco Mengoni
89%
Raffaella Carrà
89%
Arisa
88%
Jovanotti
88%
Elettra Lamborghini
85%
Ultimo
85%
Elodie
84%
Emma Marrone
84%
Loredana Bertè
84%
Maneskin
84%
Zucchero
84%
Achille Lauro
83%
Annalisa
83%
Eros Ramazzotti
82%
Sfera Ebbasta
82%
Tiziano Ferro
82%
Francesco Gabbani
81%
Noemi
81%
Vasco Rossi
81%
Laura Pausini
80%
Rkomi
80%
Il Volo
79%
Lazza
79%
Luciano Pavarotti
79%
Fabio Rovazzi
78%
Giusy Ferreri
78%
Mr. Rain
77%
Fiorella Mannoia
76%
Irama
76%
Mahmood
76%
Ornella Vanoni
76%
Ricchi e Poveri
76%
Gianna Nannini
75%
Giorgia
75%
Max Pezzali
75%
Nek
75%
Adriano Celentano
74%
Antonello Venditti
74%
Caparezza
74%
Dargen D'Amico
74%
J-Ax
74%
Orietta Berti
74%
Rocco Hunt
74%
Tananai
74%
Piero Pelù
73%
Renato Zero
73%
Ariete
72%
Blanco
72%
Elisa
72%
Luciano Ligabue
72%
Morgan
71%
Paola e Chiara
71%
Rosa Chemical
71%
Francesco Renga
70%
Shade
70%
Annalisa
69%
Baby K
69%
Madame
68%
Massimo Ranieri
68%
Fabrizio De André
67%
Andrea Bocelli
66%
Ermal Meta
66%
Patty Pravo
66%
The Kolors
66%
Gabry Ponte
65%
Lucio Dalla
65%
Articolo 31
64%
Guè Pequeno
64%
Romina Power
64%
Cesare Cremonini
63%
Cugini di Campagna
63%
Elio e le Storie Tese
63%
Fred De Palma
63%
Diodato
62%
Fabri Fibra
62%
Sangiovanni
62%
Anna Oxa
61%
Bugo
61%
Lucio Battisti
61%
Marracash
61%
Modà
61%
Pinguini Tattici Nucleari
61%
Coma Cose
60%
Gino Paoli
60%
Pino Daniele
60%
Pooh
60%
Salmo
60%
Claudio Baglioni
59%
Malika Ayane
59%
Manuel Agnelli
59%
Nina Zilli
59%
Coez
58%
Colapesce Dimartino
58%
Gazzelle
58%
Levante
58%
Mina
58%
Marco Masini
57%
Ernia
56%
Fabrizio Moro
56%
Club Dogo
55%
Clementino
54%
Francesca Michielin
54%
Riccardo Cocciante
54%
Roberto Vecchioni
54%
883
53%
Cristina D'Avena
53%
Emis Killa
53%
Pupo
53%
Shiva
53%
Capo Plaza
52%
Rondodasosa
52%
Anna Tatangelo
51%
Biagio Antonacci
51%
Marco Carta
50%
Tommaso Paradiso
50%
Negramaro
48%
Thegiornalisti
48%
Alex Britti
47%
Gianluca Grignani
47%
Simone Cristicchi
47%
Max Gazzè
46%
Mia Martini
46%
Edoardo Bennato
45%
Chiara
44%
Gemitaiz
44%
Gigi D'Agostino
44%
Carl Brave
43%
Eiffel 65
40%
Il Pagante
40%
Nino D'Angelo
39%
Ron
38%
Francesco Guccini
37%
Nitro
37%
Paola Turci
37%
Riccardo Fogli
37%
Rino Gaetano
37%
Domenico Modugno
36%
Fausto Leali
36%
Franco Battiato
36%
Ivana Spagna
36%
Enrico Ruggeri
35%
La Rappresentante di Lista
35%
Povia
35%
Raf
33%
Renzo Arbore
33%
Le Vibrazioni
32%
Toto Cotugno
32%
Luca Carboni
31%
Milva
31%
Luca Barbarossa
30%
Irene Grandi
29%
Samuele Bersani
29%
Dolcenera
27%
Umberto Tozzi
27%
Francesco De Gregori
26%
Neffa
26%
Giorgio Gaber
25%
Iva Zanicchi
25%
Franco Califano
24%
Stadio
24%
Bobby Solo
23%
Bluvertigo
22%
Caterina Caselli
22%
Rita Pavone
22%
Angelo Branduardi
21%
Loretta Goggi
21%
Noyz Narcos
21%
Claudio Villa
20%
Heather Parisi
20%
Luigi Tenco
20%
Lunapop
20%
Negrita
20%
Zero Assoluto
20%
Gemelli DiVersi
19%
Nada
18%
Nicola Di Bari
18%
Nilla Pizzi
18%
Peppino di Capri
17%
Renato Carosone
17%
Carmen Consoli
16%
Gigliola Cinquetti
16%
Matia Bazar
16%
Nomadi
15%
Paolo Conte
15%
Enzo Jannacci
14%
Mino Reitano
14%
Vinicio Capossela
14%
Tosca
13%
Daniele Silvestri
11%
Johnny Dorelli
11%
Tony Renis
7%
Alan Sorrenti
6%
Ivan Graziani
6%
Ivano Fossati
6%
Premiata Forneria Marconi
4%
Nessun quiz corrispondente trovato
Distribuzione punteggi
Percentuale di utenti per punteggio
Percentile per numero di risposta
I tuoi punteggi nel tempo
Non hai fatto questo quiz